| 000 | 00666nam a2200205Ia 4500 | ||
|---|---|---|---|
| 003 | SISC | ||
| 005 | 20180927120546.0 | ||
| 008 | 180918s9999 xx 000 0 und d | ||
| 020 | _a9781138681033 | ||
| 050 | _aLB 1631 .C455 2017 | ||
| 100 | _aChandler, Amber | ||
| 245 |
_cAmber Chandler _aThe Flexible ELA classroom: _bpractical tools for differentiated instructions in grades 4-8/ |
||
| 260 |
_aNY: _bRoutledge _c2017 |
||
| 300 |
_a136 pages : _c24 cm. |
||
| 500 | _aIncludes bibliographical references. | ||
| 650 | _aEnglish language -- study and teaching (middle school) | ||
| 650 | _aLanguage arts (middle school) | ||
| 942 |
_2lcc _cBK |
||
| 999 |
_c358784 _d358784 |
||